La gestión del proyecto en arquitectura : aeropuertos, almacenes, bancos, bibliotecas, edificios de oficinas y viviendas, escuelas, cines, hospitales, iglesias, hoteles, fábricas, teatros /

Manual que presenta los principales elementos a considerar en la planeación arquitectónica y la construcción.

Na minha lista:
Detalhes bibliográficos
Autor principal: Mills, Edward D. (autor)
Outros Autores: Castán, Santiago (traducción) (traducción), Sáenz, Carlos (traducción) (traducción)
Formato: Livro
Idioma:espanhol
Publicado em: México : Gustavo Gili, 1992, c1985
Assuntos:
Tags: Adicionar Tag
Sem tags, seja o primeiro a adicionar uma tag!

MARC

LEADER 00000nam^a2200000^a^4500
001 000039065
005 20250521000000.0
009 20260310085530.08
020 |a 968-887-202-4 
037 |a Acervo ITESO - Biblioteca 
041 |a ESP 
082 |a 725.  |b MIL 
100 |a Mills, Edward D.  |e (autor) 
245 1 3 |a La gestión del proyecto en arquitectura :  |b aeropuertos, almacenes, bancos, bibliotecas, edificios de oficinas y viviendas, escuelas, cines, hospitales, iglesias, hoteles, fábricas, teatros /  |c E.D. Mills ; pról. de Owen Luder, Michael Manser ; tr. por S. Castán, C. Sáenz. 
264 4 |a México :  |b Gustavo Gili,  |c 1992, c1985 
300 |a 654 p. 
336 |a texto  |b txt  |2 rdacontenido 
337 |a sin mediación  |b n  |2 rdamedio 
338 |a volumen  |b nc  |2 rdasoporte 
500 |a Traducción de: Planning: The Architects' Handbook 
520 |a Manual que presenta los principales elementos a considerar en la planeación arquitectónica y la construcción. 
649 |a XX 
650 |a Aeropuertos 
650 |a Bibliotecas 
650 |a Hospitales 
650 |a Hoteles 
650 |a Bancos y Centros Financieros 
650 |a Templos 
650 |a Teatros 
650 |a Edificios Públicos -  |x Tema Principal 
650 |a Construcción 
650 |a Arquitectura -  |x Tema Principal 
700 |a Castán, Santiago  |e (traducción) 
700 |a Sáenz, Carlos  |e (traducción) 
910 |a Fondo General 
920 |a Impresos - Libros 
930 |a Reserva Especial 
905 |a 103 
901 |a 0390650100  |b IT1  |c REE  |i 039065  |u 20250521 
901 |a 0390650200  |b IT1  |c REE  |i 907433  |u 20250521 
901 |a 0500000648  |b IT1  |c REE  |u 20250521 
902 |a https://opac.biblio.iteso.mx/vufind/Record/000039065